[Event "20. Obert Int. Sant Marti 2018 - B"]
[Site "Barcelona ESP"]
[Date "2018.07.13"]
[Round "1.46"]
[White "Samper Gonzalez, Pedro"]
[Black "Corominas Garrido, Antonio"]
[Result "0-1"]
[WhiteElo "1470"]
[BlackElo "1798"]
[PlyCount "78"]
[EventDate "2018.07.13"]
[EventType "swiss"]
[EventRounds "9"]
[EventCountry "ESP"]
[SourceTitle "Ajedrez en Madrid"]
[Source "lmi"]
[SourceDate "2018.07.13"]
[SourceVersion "1"]
[SourceVersionDate "2019.06.21"]
[SourceQuality "1"]

1. e4 c6 2. d4 d5 3. exd5 cxd5 4. c4 Nf6 5. Nc3 e6 6. Nf3 Nc6 7. Bd3 Be7 8. O-O
O-O 9. Bg5 h6 10. Bh4 b6 11. Re1 Bb7 12. cxd5 Nxd5 13. Bxe7 Ncxe7 14. Ne5 Rc8
15. Rc1 a6 16. Qe2 Nf4 17. Qg4 Nxd3 18. Nxd3 Nd5 19. Ne5 Nf6 20. Qf4 b5 21. a3
Nd5 22. Qd2 Nb6 23. b3 Nd5 24. Red1 Qd6 25. b4 Rfd8 26. Rc2 Rxc3 27. Rxc3 Nxc3
28. Qxc3 Qxe5 29. Qd3 Qd5 30. f3 e5 31. Qe3 exd4 32. Qe7 d3 33. Rc1 d2 34. Rc7
d1=Q+ 35. Kf2 Q5d4+ 36. Kg3 Qd6+ 37. f4 Qxe7 38. Rxe7 Qd5 39. Rxb7 Qxb7 0-1

[Event "20. Obert Int. Sant Marti 2018 - B"]
[Site "Barcelona ESP"]
[Date "2018.07.13"]
[Round "1.47"]
[White "Gomez Parla, Josep"]
[Black "Guinjoan Fradera, Joan"]
[Result "1-0"]
[WhiteElo "1794"]
[BlackElo "1470"]
[PlyCount "123"]
[EventDate "2018.07.13"]
[EventType "swiss"]
[EventRounds "9"]
[EventCountry "ESP"]
[SourceTitle "Ajedrez en Madrid"]
[Source "lmi"]
[SourceDate "2018.07.13"]
[SourceVersion "1"]
[SourceVersionDate "2019.06.21"]
[SourceQuality "1"]

1. e4 c5 2. Nf3 e6 3. d4 cxd4 4. Nxd4 Nc6 5. Be3 Bb4+ 6. c3 Be7 7. Be2 Nf6 8.
Nd2 d5 9. Nxc6 bxc6 10. e5 Nd7 11. f4 O-O 12. O-O f5 13. Nf3 Nc5 14. Bxc5 Bxc5+
15. Kh1 h6 16. b4 Be7 17. a4 c5 18. b5 a5 19. Qb3 c4 20. Qc2 Bc5 21. Rad1 Bd7
22. Nd4 Bxd4 23. Rxd4 Be8 24. Bxc4 Bh5 25. Be2 Bxe2 26. Qxe2 Rc8 27. c4 Qb6 28.
Rfd1 dxc4 29. Rxc4 Rfd8 30. Rdc1 Rxc4 31. Qxc4 Rd5 32. h3 Qe3 33. Rf1 Qb6 34.
Rc1 Qe3 35. Qc8+ Kh7 36. Rf1 Qd3 37. Rg1 Rd4 38. Qxe6 Rxf4 39. Qb6 Rf1 40. e6
Rxg1+ 41. Kxg1 Qe4 42. Qxa5 Qe3+ 43. Kf1 Qf4+ 44. Kg1 Qe3+ 45. Kf1 Qf4+ 46. Ke2
Qe4+ 47. Kd1 Qxe6 48. Qd2 Qb3+ 49. Qc2 Qd5+ 50. Kc1 Qe5 51. Kb1 Qe1+ 52. Kb2
Qe5+ 53. Kb3 Qd5+ 54. Kb4 Qd4+ 55. Qc4 Qd2+ 56. Kc5 Qxg2 57. b6 Qf2+ 58. Kb5
Qb2+ 59. Ka6 Qf6 60. Ka7 Qe7+ 61. b7 Qe3+ 62. Ka8 1-0

[Event "20. Obert Int. Sant Marti 2018 - B"]
[Site "Barcelona ESP"]
[Date "2018.07.13"]
[Round "1.48"]
[White "Cassi Gimeno, Jordi"]
[Black "Lopez Nadal, Alex"]
[Result "0-1"]
[WhiteElo "1464"]
[BlackElo "1794"]
[PlyCount "80"]
[EventDate "2018.07.13"]
[EventType "swiss"]
[EventRounds "9"]
[EventCountry "ESP"]
[SourceTitle "Ajedrez en Madrid"]
[Source "lmi"]
[SourceDate "2018.07.13"]
[SourceVersion "1"]
[SourceVersionDate "2019.06.21"]
[SourceQuality "1"]

1. e4 c5 2. Nf3 Nc6 3. d4 cxd4 4. Nxd4 g6 5. Nxc6 bxc6 6. Bc4 Bg7 7. O-O Bb7 8.
Qf3 Nf6 9. Nc3 O-O 10. Bd3 d5 11. Re1 d4 12. Ne2 e5 13. Ng3 Qd6 14. Bd2 a5 15.
Qe2 Nd7 16. Rf1 a4 17. f4 f6 18. f5 g5 19. a3 c5 20. Bc4+ Kh8 21. Nh5 Ba6 22.
Bxa6 Qxa6 23. Qg4 Rg8 24. Nxg7 Rxg7 25. Rf3 Qe2 26. Be1 Qxc2 27. Bf2 Qxb2 28.
Rf1 c4 29. h4 gxh4 30. Qxh4 Rag8 31. Rg3 Rxg3 32. Bxg3 c3 33. Kh2 d3 34. Qh6
Qe2 35. Rf2 Qxf2 36. Bxf2 d2 37. Bh4 Rf8 38. Qh5 c2 39. Qe2 d1=Q 40. Qb5 c1=Q
0-1

[Event "20. Obert Int. Sant Marti 2018 - B"]
[Site "Barcelona ESP"]
[Date "2018.07.13"]
[Round "1.49"]
[White "Munoz Lozano, Jorge Manuel"]
[Black "Vargas Rodriguez, Gabriel"]
[Result "1/2-1/2"]
[WhiteElo "1787"]
[BlackElo "1448"]
[PlyCount "99"]
[EventDate "2018.07.13"]
[EventType "swiss"]
[EventRounds "9"]
[EventCountry "ESP"]
[SourceTitle "Ajedrez en Madrid"]
[Source "lmi"]
[SourceDate "2018.07.13"]
[SourceVersion "1"]
[SourceVersionDate "2019.06.21"]
[SourceQuality "1"]

1. g3 Nf6 2. Bg2 d5 3. d3 c5 4. Nd2 e5 5. e4 Nc6 6. Ngf3 Be6 7. O-O Be7 8. Re1
Qc7 9. c3 d4 10. h3 h6 11. Qe2 O-O 12. c4 Rab8 13. b3 Nb4 14. Nf1 a6 15. a3 Nc6
16. Nh4 b5 17. f4 bxc4 18. bxc4 Bd6 19. f5 Bd7 20. g4 Be7 21. g5 Nh7 22. f6
gxf6 23. gxh6 Kh8 24. Ng3 Rg8 25. Ngf5 Rb3 26. Qh5 Be6 27. Rd1 Bf8 28. Ra2 Rb1
29. Rf2 Ng5 30. Kh2 Ne7 31. Rg1 Kh7 32. Bh1 Rg6 33. Nxe7 Rxh6 34. Rxg5 Qxe7 35.
Qd1 fxg5 36. Nf5 Bxf5 37. exf5 g4 38. Qc2 Rxh3+ 39. Kg1 Rb6 40. Be4 f6 41. Rg2
Qg7 42. Qe2 Rb1 43. Qc2 Rb7 44. Qe2 Rh4 45. Qf1 Rh3 46. Qe2 g3 47. Bxb7 Qxb7
48. Qg4 Rh2 49. Qg6+ Kh8 50. Qxf6+ 1/2-1/2

[Event "20. Obert Int. Sant Marti 2018 - B"]
[Site "Barcelona ESP"]
[Date "2018.07.13"]
[Round "1.50"]
[White "Garcia Miralles, Eduard"]
[Black "Martin Valentin, Francisco"]
[Result "0-1"]
[WhiteElo "1443"]
[BlackElo "1787"]
[PlyCount "112"]
[EventDate "2018.07.13"]
[EventType "swiss"]
[EventRounds "9"]
[EventCountry "ESP"]
[SourceTitle "Ajedrez en Madrid"]
[Source "lmi"]
[SourceDate "2018.07.13"]
[SourceVersion "1"]
[SourceVersionDate "2019.06.21"]
[SourceQuality "1"]

1. e4 d5 2. exd5 Qxd5 3. Nc3 Qd6 4. Nf3 Nf6 5. Bc4 c6 6. O-O Bg4 7. a4 a5 8.
Re1 e6 9. Ne4 Nxe4 10. Rxe4 Bf5 11. Re1 Be7 12. d3 O-O 13. Bg5 Nd7 14. Bxe7
Qxe7 15. Nd4 Qf6 16. Nxf5 Qxf5 17. d4 Nf6 18. f3 Nd5 19. Qd2 Nb4 20. c3 Nd5 21.
Re5 Qf6 22. Rae1 Rfd8 23. Qc2 g6 24. Bxd5 cxd5 25. Qb3 Rd7 26. Qb5 Qd8 27. Qb3
Rc7 28. Qb5 Qd6 29. Kf2 Rc4 30. Kg1 Qc7 31. g3 Kg7 32. Kg2 Ra6 33. R1e2 Qc6 34.
Qxc6 bxc6 35. Kf2 Rxa4 36. Re1 Rb6 37. R5e2 Rc4 38. Ke3 c5 39. Rd1 cxd4+ 40.
Rxd4 Rc5 41. Ra4 Rcb5 42. Ra2 Rb3 43. h3 R6b5 44. Kd3 Kf6 45. Kc2 Ke7 46. Re1
Rb6 47. Rd1 R3b5 48. Rd4 Rc6 49. Rda4 Rcc5 50. Kd3 Kd6 51. Ke3 e5 52. f4 exf4+
53. Kxf4 f6 54. Kf3 Ke5 55. g4 h6 56. b4 Rxc3+ 0-1

[Event "20. Obert Int. Sant Marti 2018 - B"]
[Site "Barcelona ESP"]
[Date "2018.07.13"]
[Round "1.51"]
[White "Minos Constante, Pablo"]
[Black "Climent Vidal, Pere"]
[Result "1-0"]
[WhiteElo "1781"]
[BlackElo "1441"]
[PlyCount "33"]
[EventDate "2018.07.13"]
[EventType "swiss"]
[EventRounds "9"]
[EventCountry "ESP"]
[SourceTitle "Ajedrez en Madrid"]
[Source "lmi"]
[SourceDate "2018.07.13"]
[SourceVersion "1"]
[SourceVersionDate "2019.06.21"]
[SourceQuality "1"]

1. e4 e6 2. d4 d5 3. Bd3 c5 4. exd5 Qxd5 5. Nc3 Qxd4 6. Nb5 Qd8 7. Bf4 Na6 8.
Qe2 Nf6 9. O-O-O Nd5 10. Be4 Be7 11. c4 Bg5 12. g3 Qe7 13. cxd5 exd5 14. Bxd5
Be6 15. Bxe6 fxe6 16. Qh5+ Qf7 17. Nd6+ 1-0

[Event "20. Obert Int. Sant Marti 2018 - B"]
[Site "Barcelona ESP"]
[Date "2018.07.13"]
[Round "1.52"]
[White "Bienvenido Kleque, Jose"]
[Black "Serra Vilaro, Agustin"]
[Result "0-1"]
[WhiteElo "1439"]
[BlackElo "1780"]
[PlyCount "50"]
[EventDate "2018.07.13"]
[EventType "swiss"]
[EventRounds "9"]
[EventCountry "ESP"]
[SourceTitle "Ajedrez en Madrid"]
[Source "lmi"]
[SourceDate "2018.07.13"]
[SourceVersion "1"]
[SourceVersionDate "2019.06.21"]
[SourceQuality "1"]

1. e4 d5 2. exd5 Qxd5 3. Nc3 Qd6 4. d4 Nf6 5. Nf3 Bg4 6. Be2 Bxf3 7. Bxf3 c6 8.
O-O e6 9. Re1 Be7 10. a3 Nbd7 11. Be3 O-O 12. Qd2 Qc7 13. Rab1 Nb6 14. Bf4 Bd6
15. Bxd6 Qxd6 16. Qd3 Rad8 17. Rbd1 Rd7 18. Ne4 Qe7 19. Nxf6+ Qxf6 20. Re5 Rfd8
21. Rh5 g6 22. Re5 Rxd4 23. Qc3 Rxd1+ 24. Bxd1 Rxd1+ 25. Re1 Qxc3 0-1

[Event "20. Obert Int. Sant Marti 2018 - B"]
[Site "Barcelona ESP"]
[Date "2018.07.13"]
[Round "1.53"]
[White "Madrid Sole, Antonio"]
[Black "Marzo Ruiz, Xavier"]
[Result "1-0"]
[WhiteElo "1776"]
[BlackElo "1417"]
[PlyCount "73"]
[EventDate "2018.07.13"]
[EventType "swiss"]
[EventRounds "9"]
[EventCountry "ESP"]
[SourceTitle "Ajedrez en Madrid"]
[Source "lmi"]
[SourceDate "2018.07.13"]
[SourceVersion "1"]
[SourceVersionDate "2019.06.21"]
[SourceQuality "1"]

1. d4 Nf6 2. Bf4 g6 3. Nf3 Bg7 4. e3 d5 5. h3 Nbd7 6. Be2 c5 7. c3 b6 8. O-O
O-O 9. Nbd2 Bb7 10. Re1 Rc8 11. a4 Nb8 12. Ne5 Nc6 13. Bd3 Nd7 14. Nxd7 Qxd7
15. Nf3 Rfe8 16. Bb5 f6 17. Qe2 cxd4 18. cxd4 Qd8 19. Red1 e5 20. dxe5 fxe5 21.
Bg5 Qc7 22. Rac1 h6 23. Bh4 g5 24. Bg3 Qf7 25. e4 dxe4 26. Bc4 Re6 27. Bxe6
Qxe6 28. Qxe4 Qe8 29. Qf5 Ne7 30. Qe6+ Kh7 31. Rxc8 Bxc8 32. Qc4 Nf5 33. Qe4
Kh8 34. Bxe5 Qh5 35. Rd8+ Kh7 36. Rxc8 g4 37. hxg4 1-0

[Event "20. Obert Int. Sant Marti 2018 - B"]
[Site "Barcelona ESP"]
[Date "2018.07.13"]
[Round "1.54"]
[White "Olleta Tanya, Jordi"]
[Black "Grao Amaya, Rafael"]
[Result "0-1"]
[WhiteElo "1409"]
[BlackElo "1767"]
[PlyCount "94"]
[EventDate "2018.07.13"]
[EventType "swiss"]
[EventRounds "9"]
[EventCountry "ESP"]
[SourceTitle "Ajedrez en Madrid"]
[Source "lmi"]
[SourceDate "2018.07.13"]
[SourceVersion "1"]
[SourceVersionDate "2019.06.21"]
[SourceQuality "1"]

1. d4 g6 2. Nf3 Bg7 3. e4 d6 4. Bd3 Nc6 5. c3 Nf6 6. O-O O-O 7. h3 h6 8. Re1 e5
9. d5 Nb8 10. Bd2 a5 11. a4 Nbd7 12. b4 b6 13. b5 Nc5 14. Bc2 Nh5 15. g4 Nf4
16. Bxf4 exf4 17. Nd4 Nd7 18. Nf3 Ne5 19. Nxe5 Bxe5 20. Qf3 Qh4 21. Bd1 h5 22.
Qg2 Kh8 23. Rf1 hxg4 24. hxg4 Kg7 25. Qh1 Rh8 26. Qxh4 Rxh4 27. f3 f5 28. gxf5
gxf5 29. Ra2 fxe4 30. Rg2+ Kf7 31. fxe4 Bh3 32. Rh2 Rg8+ 33. Kf2 f3 34. Rhh1
Bxf1 35. Rxh4 Bg3+ 36. Kxf1 Bxh4 37. Bxf3 Rg3 38. Nd2 Bg5 39. Bh5+ Kf6 40. Nf3
Rh3 41. Bg4 Rh1+ 42. Ke2 Ra1 43. Nd4 Rxa4 44. Kd3 Ra2 45. Ne6 a4 46. Nxc7 Rd2+
47. Kc4 a3 0-1

[Event "20. Obert Int. Sant Marti 2018 - B"]
[Site "Barcelona ESP"]
[Date "2018.07.13"]
[Round "1.55"]
[White "Elizondo Marquet, Juan Marcos"]
[Black "Rodriguez Gonzalez, Feliciano"]
[Result "1-0"]
[WhiteElo "1767"]
[BlackElo "1403"]
[PlyCount "89"]
[EventDate "2018.07.13"]
[EventType "swiss"]
[EventRounds "9"]
[EventCountry "ESP"]
[SourceTitle "Ajedrez en Madrid"]
[Source "lmi"]
[SourceDate "2018.07.13"]
[SourceVersion "1"]
[SourceVersionDate "2019.06.21"]
[SourceQuality "1"]

1. e4 e6 2. d4 d5 3. Nd2 c5 4. Ngf3 cxd4 5. Nxd4 Bc5 6. N2b3 Bb6 7. Qg4 Kf8 8.
e5 Nc6 9. Nf3 h6 10. Bd3 Nge7 11. O-O Bd7 12. a4 a5 13. Bd2 Nf5 14. Rfe1 Qe7
15. c3 h5 16. Qh3 f6 17. exf6 Qxf6 18. Bg5 Qf7 19. Nbd2 g6 20. Nf1 Bc7 21. Ne3
Nxe3 22. Bxe3 e5 23. Qg3 e4 24. Qxc7 exf3 25. Qd6+ Kg7 26. gxf3 Rhe8 27. Qg3
Re6 28. f4 Rf6 29. Rad1 Re8 30. Qg5 Bf5 31. Be2 Kh7 32. Rxd5 Qxd5 33. Qxf6 Bh3
34. Qg5 Bf5 35. Rd1 Qb3 36. Qf6 Kh6 37. Qg5+ Kg7 38. Bxh5 Qxb2 39. Bxg6 Bxg6
40. f5 Ne5 41. Qh6+ Kf6 42. fxg6 Nf3+ 43. Kg2 Rxe3 44. Qxe3 Nh4+ 45. Kg1 1-0

[Event "20. Obert Int. Sant Marti 2018 - B"]
[Site "Barcelona ESP"]
[Date "2018.07.13"]
[Round "1.56"]
[White "Castillo Rosa, Jose Luis"]
[Black "Franzoni Ladron De Guevara, Enric"]
[Result "1-0"]
[WhiteElo "1402"]
[BlackElo "1760"]
[PlyCount "69"]
[EventDate "2018.07.13"]
[EventType "swiss"]
[EventRounds "9"]
[EventCountry "ESP"]
[SourceTitle "Ajedrez en Madrid"]
[Source "lmi"]
[SourceDate "2018.07.13"]
[SourceVersion "1"]
[SourceVersionDate "2019.06.21"]
[SourceQuality "1"]

1. e4 c5 2. Nf3 d6 3. c3 Nf6 4. Be2 Nc6 5. d4 cxd4 6. cxd4 e6 7. Nc3 Be7 8. O-O
O-O 9. a3 h6 10. b4 a6 11. Bb2 e5 12. Rc1 Bd7 13. d5 Na7 14. Nh4 Re8 15. f4
Nxe4 16. Nxe4 Bxh4 17. g3 exf4 18. Qd4 Bf6 19. Nxf6+ Qxf6 20. Qd2 Qg5 21. Rxf4
Rac8 22. Rcf1 Rxe2 23. Qxe2 Bb5 24. Qf3 Rc2 25. Rg4 Qxg4 26. Qxg4 Rxb2 27. Rc1
Rd2 28. Qf5 Bd3 29. Qd7 Nb5 30. Rc8+ Kh7 31. Qxf7 Nd4 32. Rc7 Ne2+ 33. Kf2 Nf4+
34. Ke1 Re2+ 35. Kd1 1-0

[Event "20. Obert Int. Sant Marti 2018 - B"]
[Site "Barcelona ESP"]
[Date "2018.07.13"]
[Round "1.57"]
[White "Barrot Farre, Salvador"]
[Black "Sanchez Rodriguez, Raul"]
[Result "1-0"]
[WhiteElo "1760"]
[BlackElo "1402"]
[PlyCount "53"]
[EventDate "2018.07.13"]
[EventType "swiss"]
[EventRounds "9"]
[EventCountry "ESP"]
[SourceTitle "Ajedrez en Madrid"]
[Source "lmi"]
[SourceDate "2018.07.13"]
[SourceVersion "1"]
[SourceVersionDate "2019.06.21"]
[SourceQuality "1"]

1. e4 e5 2. Nf3 Nc6 3. Bb5 a6 4. Bxc6 dxc6 5. d3 Bd6 6. Be3 Nf6 7. h3 O-O 8.
Nbd2 Be6 9. g4 b5 10. g5 Nh5 11. Nh4 Nf4 12. Bxf4 exf4 13. Nhf3 Be7 14. Qe2
Bxg5 15. Nxg5 Qxg5 16. Nf3 Qg2 17. O-O-O Qg6 18. Rdg1 Qf6 19. Rg2 Bxa2 20. Rhg1
g6 21. h4 h5 22. Nd2 Be6 23. Qxh5 Kg7 24. e5 Qf5 25. Rg5 Qh3 26. Rxg6+ fxg6 27.
Qxg6+ 1-0

[Event "20. Obert Int. Sant Marti 2018 - B"]
[Site "Barcelona ESP"]
[Date "2018.07.13"]
[Round "1.58"]
[White "Alabart Paytubi, Josep"]
[Black "Bayarri Ponsa, Eduard"]
[Result "0-1"]
[WhiteElo "1375"]
[BlackElo "1754"]
[PlyCount "34"]
[EventDate "2018.07.13"]
[EventType "swiss"]
[EventRounds "9"]
[EventCountry "ESP"]
[SourceTitle "Ajedrez en Madrid"]
[Source "lmi"]
[SourceDate "2018.07.13"]
[SourceVersion "1"]
[SourceVersionDate "2019.06.21"]
[SourceQuality "1"]

1. d4 d5 2. e3 Nf6 3. c3 e6 4. Nf3 b6 5. Bd3 Be7 6. Nbd2 O-O 7. O-O c5 8. Re1
Nc6 9. e4 cxd4 10. cxd4 dxe4 11. Nxe4 Nxd4 12. Nxd4 Qxd4 13. Ng5 Rd8 14. Re3
Ba6 15. Nf3 Qd6 16. Ne5 Bxd3 17. Qxd3 Qxe5 0-1

[Event "20. Obert Int. Sant Marti 2018 - B"]
[Site "Barcelona ESP"]
[Date "2018.07.13"]
[Round "1.59"]
[White "Zubimendi Felip, Ricard"]
[Black "Pinyol I Llora, Julia"]
[Result "1-0"]
[WhiteElo "1752"]
[BlackElo "1374"]
[PlyCount "91"]
[EventDate "2018.07.13"]
[EventType "swiss"]
[EventRounds "9"]
[EventCountry "ESP"]
[SourceTitle "Ajedrez en Madrid"]
[Source "lmi"]
[SourceDate "2018.07.13"]
[SourceVersion "1"]
[SourceVersionDate "2019.06.21"]
[SourceQuality "1"]

1. e4 e6 2. Nf3 d5 3. exd5 exd5 4. d4 c5 5. Be2 Nf6 6. O-O Bd6 7. Bg5 O-O 8.
Nbd2 h6 9. Bh4 Nc6 10. c4 Be7 11. dxc5 Bxc5 12. Nb3 Be7 13. Nbd4 Nxd4 14. Qxd4
dxc4 15. Bxc4 Qxd4 16. Nxd4 Rd8 17. Rad1 Bg4 18. f3 Bh5 19. Nf5 Bc5+ 20. Kh1
Bg6 21. Nxh6+ Kh7 22. Nxf7 Bxf7 23. Bxf7 Bd4 24. b3 b5 25. Be6 Rd6 26. Bf5+ Kh8
27. Bf2 Rad8 28. Rxd4 Rxd4 29. Bxd4 Rxd4 30. Bb1 b4 31. Rc1 Kg8 32. h3 Nd5 33.
Kh2 Nc3 34. Re1 Kf7 35. Kg3 Rd2 36. h4 Nxa2 37. Bxa2 Rxa2 38. Rb1 Kg6 39. Kh3
Rf2 40. Kg3 Ra2 41. f4 a6 42. Kf3 Kh5 43. g3 g6 44. g4+ Kxh4 45. Rh1+ Rh2 46.
Rxh2# 1-0

[Event "20. Obert Int. Sant Marti 2018 - B"]
[Site "Barcelona ESP"]
[Date "2018.07.13"]
[Round "1.60"]
[White "Bernat Mor, Juli"]
[Black "Serentill Tost, Eduard"]
[Result "0-1"]
[WhiteElo "1370"]
[BlackElo "1745"]
[PlyCount "108"]
[EventDate "2018.07.13"]
[EventType "swiss"]
[EventRounds "9"]
[EventCountry "ESP"]
[SourceTitle "Ajedrez en Madrid"]
[Source "lmi"]
[SourceDate "2018.07.13"]
[SourceVersion "1"]
[SourceVersionDate "2019.06.21"]
[SourceQuality "1"]

1. d4 Nf6 2. c4 g6 3. Nc3 Bg7 4. Nf3 d6 5. e4 O-O 6. Be2 Nbd7 7. O-O e5 8. d5
Nc5 9. Bg5 h6 10. Bxf6 Bxf6 11. Qd2 Bg7 12. b4 Nd7 13. Qe3 f5 14. exf5 gxf5 15.
Rfd1 f4 16. Qe4 Nf6 17. Qc2 Bd7 18. Bd3 e4 19. Nxe4 Nxe4 20. Bxe4 Bxa1 21. Bh7+
Kh8 22. Rxa1 Qf6 23. Rd1 Bf5 24. Bxf5 Qxf5 25. Qc3+ Qf6 26. Qd2 Rg8 27. Nd4 Qg5
28. f3 Qe5 29. Ne6 Qe3+ 30. Kf1 Qxd2 31. Rxd2 Rac8 32. Nxf4 Rg5 33. Ne6 Re5 34.
f4 Re4 35. g3 Rxc4 36. f5 Rxb4 37. f6 Kg8 38. Rf2 Kf7 39. h3 c5 40. g4 c4 41.
g5 c3 42. g6+ Kxg6 43. f7 Rb2 44. f8=Q Rxf8 45. Nxf8+ Kh5 46. Rf3 c2 47. Rc3
Rb1+ 48. Ke2 c1=Q 49. Rxc1 Rxc1 50. Ne6 Rc2+ 51. Kd3 Rxa2 52. Nf4+ Kh4 53. Ne2
Rxe2 54. Kxe2 Kxh3 0-1

[Event "20. Obert Int. Sant Marti 2018 - B"]
[Site "Barcelona ESP"]
[Date "2018.07.13"]
[Round "1.61"]
[White "Subirana Santos, Marc"]
[Black "Reyes, Jesus"]
[Result "0-1"]
[WhiteElo "1743"]
[BlackElo "1367"]
[PlyCount "46"]
[EventDate "2018.07.13"]
[EventType "swiss"]
[EventRounds "9"]
[EventCountry "ESP"]
[SourceTitle "Ajedrez en Madrid"]
[Source "lmi"]
[SourceDate "2018.07.13"]
[SourceVersion "1"]
[SourceVersionDate "2019.06.21"]
[SourceQuality "1"]

1. e4 e5 2. Nf3 Nc6 3. Bb5 f5 4. d3 fxe4 5. dxe4 Nf6 6. Bd3 Bc5 7. h3 d6 8. O-O
O-O 9. a3 a5 10. Nc3 Kh8 11. Ne2 Nh5 12. Kh2 Bd7 13. Bg5 Qe8 14. Ng3 Nf4 15.
Ne2 Nxh3 16. gxh3 Rxf3 17. Ng3 Rxf2+ 18. Rxf2 Bxf2 19. Qf3 Bxg3+ 20. Kxg3 Qg6
21. Kh4 h6 22. Be3 Nd4 23. Qh5 Qg2 0-1

[Event "20. Obert Int. Sant Marti 2018 - B"]
[Site "Barcelona ESP"]
[Date "2018.07.13"]
[Round "1.62"]
[White "Antequera Garcia, Luis"]
[Black "Morales Mendizabal, Pere"]
[Result "0-1"]
[WhiteElo "1362"]
[BlackElo "1742"]
[PlyCount "44"]
[EventDate "2018.07.13"]
[EventType "swiss"]
[EventRounds "9"]
[EventCountry "ESP"]
[SourceTitle "Ajedrez en Madrid"]
[Source "lmi"]
[SourceDate "2018.07.13"]
[SourceVersion "1"]
[SourceVersionDate "2019.06.21"]
[SourceQuality "1"]

1. c4 c6 2. Nc3 d6 3. g3 g6 4. Bg2 Bg7 5. d4 Qc7 6. Bf4 e5 7. dxe5 dxe5 8. Bd2
Nf6 9. e4 Be6 10. b3 Nbd7 11. Nf3 Nc5 12. O-O Nfxe4 13. Re1 Nxd2 14. Qxd2 O-O
15. Rab1 Rad8 16. Qe3 e4 17. Nxe4 Nxe4 18. Qxe4 Bf5 19. Qe3 Bxb1 20. Rxb1 Rfe8
21. Qxa7 Ra8 22. Qd4 Bxd4 0-1

[Event "20. Obert Int. Sant Marti 2018 - B"]
[Site "Barcelona ESP"]
[Date "2018.07.13"]
[Round "1.63"]
[White "Caro Martinez, Ramon"]
[Black "Marcos Rodriguez, Raul"]
[Result "1-0"]
[WhiteElo "1741"]
[BlackElo "1360"]
[PlyCount "99"]
[EventDate "2018.07.13"]
[EventType "swiss"]
[EventRounds "9"]
[EventCountry "ESP"]
[SourceTitle "Ajedrez en Madrid"]
[Source "lmi"]
[SourceDate "2018.07.13"]
[SourceVersion "1"]
[SourceVersionDate "2019.06.21"]
[SourceQuality "1"]

1. d4 d5 2. e3 c5 3. c4 e6 4. Nf3 Nc6 5. b3 cxd4 6. exd4 Bb4+ 7. Bd2 Qe7 8. Bd3
e5 9. O-O e4 10. Re1 Be6 11. cxd5 Bxd5 12. Bb5 a6 13. Bxc6+ bxc6 14. Nc3 Nf6
15. Nxd5 cxd5 16. Ne5 O-O 17. Nc6 Qe6 18. Nxb4 Rab8 19. Nd3 Qb6 20. Nc5 h6 21.
Bf4 Rbc8 22. Be5 Rfe8 23. Bxf6 Qxf6 24. Qd2 Re7 25. Rac1 Rec7 26. h3 Qf5 27. b4
Rc6 28. a4 Rg6 29. Qe3 Rcc6 30. Nb3 Rcf6 31. b5 Qh5 32. Nd2 Rg5 33. Rc6 Qg6 34.
Rxf6 Qxf6 35. g3 axb5 36. axb5 Rh5 37. Qc3 Rxh3 38. Qc8+ Kh7 39. Qxh3 Qb6 40.
Qf5+ g6 41. Qxd5 Qa5 42. Qxf7+ Kh8 43. Rxe4 Qxb5 44. Re8+ Qxe8 45. Qxe8+ Kg7
46. Qe7+ Kg8 47. d5 g5 48. Ne4 g4 49. Nf6+ Kh8 50. Qh7# 1-0

[Event "20. Obert Int. Sant Marti 2018 - B"]
[Site "Barcelona ESP"]
[Date "2018.07.13"]
[Round "1.65"]
[White "Low, Ethan"]
[Black "Villalonga Royo, Lluis"]
[Result "1-0"]
[WhiteElo "1741"]
[BlackElo "1341"]
[PlyCount "81"]
[EventDate "2018.07.13"]
[EventType "swiss"]
[EventRounds "9"]
[EventCountry "ESP"]
[SourceTitle "Ajedrez en Madrid"]
[Source "lmi"]
[SourceDate "2018.07.13"]
[SourceVersion "1"]
[SourceVersionDate "2019.06.21"]
[SourceQuality "1"]

1. e4 e5 2. Nf3 Nc6 3. Bb5 Nge7 4. c3 Ng6 5. d4 Bd6 6. O-O a6 7. Ba4 Be7 8.
Bxc6 bxc6 9. Nxe5 Bb7 10. Qb3 Nxe5 11. dxe5 c5 12. Qxb7 O-O 13. Nd2 Re8 14. Nf3
h6 15. Qd5 c6 16. Qc4 Qc8 17. Rd1 Qd8 18. Bf4 Rf8 19. Rd2 Ra7 20. Rad1 Qc8 21.
Be3 Rc7 22. Bxc5 Bxc5 23. Qxc5 Re8 24. Rd6 Rb7 25. b3 Kh7 26. Nh4 Rb5 27. Qc4
Rbxe5 28. Qxf7 R5e6 29. Rxd7 R8e7 30. Rxe7 Rxe7 31. Qxe7 Qg4 32. Rd7 Qg5 33.
Qxg5 hxg5 34. Nf5 Kg6 35. Rxg7+ Kf6 36. Rc7 Ke5 37. Rxc6 a5 38. b4 axb4 39.
cxb4 Kf4 40. b5 Kxe4 41. b6 1-0

[Event "20. Obert Int. Sant Marti 2018 - B"]
[Site "Barcelona ESP"]
[Date "2018.07.13"]
[Round "1.67"]
[White "Bermejo Cuadra, Roberto"]
[Black "Mercader Rubio, Luis"]
[Result "0-1"]
[WhiteElo "1315"]
[BlackElo "1732"]
[PlyCount "94"]
[EventDate "2018.07.13"]
[EventType "swiss"]
[EventRounds "9"]
[EventCountry "ESP"]
[SourceTitle "Ajedrez en Madrid"]
[Source "lmi"]
[SourceDate "2018.07.13"]
[SourceVersion "1"]
[SourceVersionDate "2019.06.21"]
[SourceQuality "1"]

1. Nf3 Nf6 2. e3 d5 3. c4 e6 4. Nc3 c5 5. cxd5 exd5 6. Bb5+ Bd7 7. Ne5 Bd6 8.
Nxd7 Nbxd7 9. Bxd7+ Qxd7 10. Qa4 a6 11. Qxd7+ Kxd7 12. O-O d4 13. Na4 Kc6 14.
exd4 cxd4 15. b3 b5 16. Nb2 Kd5 17. Nd3 Rhe8 18. Re1 h6 19. Rxe8 Rxe8 20. f3 g5
21. Bb2 Nh5 22. Re1 Rxe1+ 23. Nxe1 Bb4 24. Nc2 Bc5 25. b4 Bb6 26. d3 Nf4 27.
Ne1 a5 28. g3 Ne2+ 29. Kf2 Nc3 30. a3 Nd1+ 31. Ke2 Nxb2 32. Nc2 Na4 33. f4 f6
34. fxg5 hxg5 35. Kf3 Ke5 36. Kg4 Nb2 37. h4 gxh4 38. Kxh4 Nxd3 39. g4 axb4 40.
axb4 Bd8 41. Kh5 Be7 42. Na3 Bxb4 43. Nxb5 Nf4+ 44. Kh6 d3 45. Na7 Bf8+ 46. Kh7
d2 47. Nc6+ Kd5 0-1

[Event "20. Obert Int. Sant Marti 2018 - B"]
[Site "Barcelona ESP"]
[Date "2018.07.13"]
[Round "1.68"]
[White "Grasa Solanas, Oscar"]
[Black "Jimenez Rimblas, Raul"]
[Result "1-0"]
[WhiteElo "1732"]
[BlackElo "1313"]
[PlyCount "57"]
[EventDate "2018.07.13"]
[EventType "swiss"]
[EventRounds "9"]
[EventCountry "ESP"]
[SourceTitle "Ajedrez en Madrid"]
[Source "lmi"]
[SourceDate "2018.07.13"]
[SourceVersion "1"]
[SourceVersionDate "2019.06.21"]
[SourceQuality "1"]

1. c4 g6 2. g3 Bg7 3. Bg2 Nf6 4. Nf3 c6 5. O-O O-O 6. Nc3 d5 7. cxd5 cxd5 8. d3
e6 9. Bf4 Nc6 10. Qd2 b6 11. Bh6 Bb7 12. Bxg7 Kxg7 13. Rac1 Rc8 14. a3 Na5 15.
Qd1 Qd7 16. b4 Nc6 17. Qb3 a6 18. Na4 Qd8 19. Qb2 Ne7 20. Ne5 Qd6 21. Ng4 e5
22. Nxe5 d4 23. Nc4 Qb8 24. Bxb7 Qxb7 25. Nd6 Rxc1 26. Nxb7 Rxf1+ 27. Kxf1 Ng4
28. Qxd4+ Kg8 29. Qxg4 1-0